1780 1634 1674 1962 1069 1688 1082 1371 1100 1653 1175 1365 1962 1231 1933 1821 1510 1205 1541 1764 1192 1943 1225 1437 1911 1778 1171 1610 1574 1674 1618 1219 1951 1312 1591 1102 1527 1057 1358 1077 1585 1354 2000 1889 1806 1079 1058 1552 1723 1500 1940 1097 1647 1218 1650 1272 1151 1992 1592 1724 1443 1822 1101 1509 1237 1137 1611 1642 1390 1262 1155 1274 1162 1458 1145 1152 1986 1088 1347 1911 1607 1760 1283 1476 1261 1713 1273 1725 1253 1190 1365 1986 1316 1438 1672 1246 1397 1497 1408 BCNSPRNW ULIB Ver.6.0+V

เปลี่ยนเป็นภาษาไทย

Change to English
 แสดงรายละเอียดบรรณานุกรม
  กลับหน้าหลัก

Brief Record : Get Marc (ISO 2709) : E-mail record : QR code < ปิดหน้าต่าง
LEADER : 00000nam 2200000uu 4500
001    13399127881
003     ULIB
008    211019s2563||||th 000 0 tha d
020 ^a ^a9786165471084
050 4  ^aPE1130.T5^bส779ท
100 0  ^aสุทิน พูลสวัสดิ์
245 10 ^aTOEFL ITP /^cสุทิน พูลสวัสดิ์
260 ^a ^aกรุงเทพฯ :^bศูนย์หนังสือ ที.จี.อาร์.อี,^c2563.
300 ^a ^a296 หน้า :^bภาพประกอบ
650 4  ^aโทเฟล^xคู่มือ
650  ^ ^aภาษาอังกฤษ^xการสอบ
650  ^ ^aภาษาอังกฤษ^xข้อสอบและเฉลย
945    ^p395^l0^i008511
999    ^aประนอม เกษจรัล
รายการนี้ยังไม่มีแท็ก
คุณยังไม่ได้ล็อกอิน คุณสามารถมีกิจกรรมร่วมกับเว็บไซต์ได้ แต่ต้องล็อกอินก่อน ::
  ล็อกอิน

รายการสื่อสารสนเทศ

ลำดับที่ ประเภท เลขเรียก/บาร์โค้ด สถานที่ สถานะ
1. การศึกษาทั่วไป
หนังสือสำรอง
สถานะ=หนังสือสำรอง
PE1130.T5 ส779ท ฉ.1 
  Barcode: 008511
ห้องสมุดวิทยาเขตสวรรค์ประชารักษ์
►หนังสือทั่วไป
บนชั้น

รายการใกล้เคียง
    ผู้แต่ง [สุทิน พูลสวัสดิ์]

BibComment


ยังไม่เคยถูกคอมเมนท์

คอมเมนท์ทรัพยากรรายการนี้
  คอมเมนท์: TOEFL ITP สุทิน..


 Copyright 2026. Bcnsprnw @Library